000 02256cam a2200325 i 4500
001 15656
003 DO-SdUEMH
005 20260108163643.0
007 ta
008 211105s2001 dr |||gri||| 001 0 spa|d
020 _a9789945074291
040 _aDO-SdUEMH
_bspa
_erda
041 _aspa
082 1 4 _mRD
_aRD 305.563397293
_bS194g
084 _b13-00056
100 _aSAN MIGUEL, PEDRO L.
_eaut
110 _a República Dominicana: Archivos General de Nación
245 3 0 _aLa guerra silenciosa: las luchas sociales en la ruralía dominicana /
_cPedro L. San Miguel
260 _c2011
264 0 1 _aSanto Domingo, República Dominicana :
_bArchivo General de la Nación ;
_c2011
300 _a307 páginas ;
_bIlustraciones :
_c23 cm.
336 _2rdacontent
_atexto
_btxt
337 _2rdamedia
_asin mediación
_bn
338 _2rdacarrier
_avolumen
_bnc
490 _aArchivo General de la Nación ;
_v135
504 _aBibliografías al final de los capítulos
505 1 _aPrefacio a la primera edición -- Prefacio a la edición dominicana -- Introducción para narrar la historia de la clase incómoda -- Capítulo I una historia sin campesinos -- Sobre el otro interno -- Un campesinado levantisco -- Caudillos y campesinos -- Capítulo II Una clase incómoda -- Historias de gringos caudillos y guerrillas -- Milenarismo y utopía campesina -- La memoria de la ira la guerra gavillera -- Capítulo III La domesticación de la bestia calibanesca -- La ofensiva del mercado -- La ofensiva estatal -- Sobre esa larga tiranía que se menciona en el proemio -- Ciudadanos del surco y del machete -- Un poder que castiga y que hace milagros -- Dictadura y luchas informales -- Capítulo IV Crónica de una reforma agraria al revés -- Reforma a cuentagotas -- La reforma agraria al revés -- Crónica de unas leyes anunciadas -- La primavera del descontento -- Capítulo V Los campesinos y el gran diseño -- Esta es una lucha larga -- El derecho a la subsistencia -- Cabildos abiertos rurales -- No queremos más cuentos -- Reformar la reforma -- Conclusiones campesinado y procesos políticos o la paradoja de la democracia dominicana -- Glosario -- Fuentes y bibliografía -- Índice onomástico.
942 _2ddc
_cBK
_n0
999 _c15656
_d15656